[Event "FRA-chT2 South 0809"]
[Site "France"]
[Date "2009.04.04"]
[Round "10.6"]
[White "Gravagna, Pierre"]
[Black "Camel, Lorenzo"]
[Result "0-1"]
[WhiteElo "2038"]
[BlackElo "2093"]
[PlyCount "152"]
[EventDate "2008.10.12"]
[EventType "team-tourn"]
[EventRounds "11"]
[EventCountry "FRA"]
[SourceTitle "EXT 2010"]
[Source "ChessBase"]
[SourceDate "2010.11.25"]
[SourceVersion "1"]
[SourceVersionDate "2010.11.25"]
[SourceQuality "1"]
[WhiteTeam "Marseille Echecs II"]
[BlackTeam "Ramonville"]
[WhiteTeamCountry "FRA"]
[BlackTeamCountry "FRA"]

1. d4 Nf6 2. Nf3 e6 3. c4 Bb4+ 4. Bd2 Qe7 5. g3 0-0 6. Bg2 Bxd2+ 7. Nbxd2 d6 8. 0-0 e5 9. e3 a5 10. Qc2 Nc6 11. a3 g6 12. d5 Nd8 13. b4 b6 14. Rac1 Nb7 15. Nh4 axb4 16. axb4 Ng4 17. Nb3 Bd7 18. Bf3 f5 19. Ra1 Nh6 20. Ng2 Nf7 21. Qc3 Ng5 22. Be2 Nh3+ 23. Kh1 g5 24. Rxa8 Rxa8 25. f3 Ra2 26. Nc1 Ra7 27. Nb3 Qf8 28. Ra1 Qa8 29. Rxa7 Qxa7 30. Qa1 Qxa1+ 31. Nxa1 f4 32. gxf4 gxf4 33. exf4 exf4 34. Nb3 Kg7 35. Nd4 Kf6 36. Ne1 Ke5 37. Nec2 Nd8 38. Kg2 h5 39. Bd3 h4 40. Bg6 Ng5 41. b5 Nb7 42. Nb3 Kf6 43. Bd3 Nf7 44. Kf2 Nc5 45. Nxc5 dxc5 46. Ke1 Ke5 47. Kd2 Ng5 48. Be2 Bf5 49. Ne1 Bh3 50. Nd3+ Kf5 51. Nc1 Nf7 52. Nd3 Kg5 53. Nf2 Bf5 54. Bd3 Ne5 55. Be2 Kf6 56. Kc3 Bg6 57. Kb3 Bh5 58. Ne4+ Kf5 59. Nd2 Nf7 60. Kc3 Ng5 61. Bd3+ Ke5 62. Be2 Bg6 63. Bf1 Be8 64. Bd3 Bf7 65. Bf1 Bh5 66. Be2 Nh3 67. Kd3 Ng1 68. Bd1 Bf7 69. Kc3 Bg6 70. Nf1 Bh5 71. Nd2 Nh3 72. Kd3 Nf2+ 73. Ke2 Nxd1 74. Kxd1 Kd4 75. Ke2 Bg6 76. Kf2 h3 0-1

[Event "FRA-chT2 South 0809"]
[Site "France"]
[Date "2009.02.08"]
[Round "7.5"]
[White "Gourion, Daniel"]
[Black "Gravagna, Pierre"]
[Result "1-0"]
[WhiteElo "2014"]
[BlackElo "2038"]
[PlyCount "53"]
[EventDate "2008.10.12"]
[EventType "team-tourn"]
[EventRounds "11"]
[EventCountry "FRA"]
[SourceTitle "EXT 2010"]
[Source "ChessBase"]
[SourceDate "2010.11.25"]
[SourceVersion "1"]
[SourceVersionDate "2010.11.25"]
[SourceQuality "1"]
[WhiteTeam "Avignon"]
[BlackTeam "Marseille Echecs II"]
[WhiteTeamCountry "FRA"]
[BlackTeamCountry "FRA"]

1. e4 c5 2. Nf3 Nc6 3. d4 cxd4 4. Nxd4 Qb6 5. Nb3 Nf6 6. Nc3 e6 7. Qe2 Bb4 8. Bd2 a6 9. a3 Bxc3 10. Bxc3 Qc7 11. g4 h6 12. f3 b6 13. 0-0-0 Bb7 14. Qd2 0-0-0 15. Be2 Ne5 16. Qd6 Qxd6 17. Rxd6 Nc6 18. Rhd1 Kc7 19. a4 Ne8 20. R6d2 d6 21. Nd4 Nf6 22. Nxc6 Bxc6 23. a5 b5 24. Bd4 Nd7 25. Bxg7 Bxe4 26. Bd4 d5 27. Be3 1-0

[Event "FRA-chT2 South 0809"]
[Site "France"]
[Date "2009.01.18"]
[Round "6.6"]
[White "Van Hoolandt, Patrick"]
[Black "Gravagna, Pierre"]
[Result "1-0"]
[WhiteElo "2235"]
[BlackElo "2038"]
[PlyCount "73"]
[EventDate "2008.10.12"]
[EventType "team-tourn"]
[EventRounds "11"]
[EventCountry "FRA"]
[SourceTitle "EXT 2010"]
[Source "ChessBase"]
[SourceDate "2010.11.25"]
[SourceVersion "1"]
[SourceVersionDate "2010.11.25"]
[SourceQuality "1"]
[WhiteTeam "Monaco"]
[BlackTeam "Marseille Echecs II"]
[WhiteTeamCountry "FRA"]
[BlackTeamCountry "FRA"]

1. d4 d5 2. c4 e6 3. Nf3 c6 4. Qc2 Bd6 5. Bg5 Be7 6. Bxe7 Qxe7 7. e3 Nf6 8. cxd5 exd5 9. Nc3 0-0 10. Bd3 Bg4 11. Ne5 Bh5 12. h3 c5 13. 0-0 cxd4 14. exd4 Nbd7 15. Rae1 Qd8 16. f4 Qb6 17. Qf2 Rad8 18. g4 Nxe5 19. dxe5 Qxf2+ 20. Kxf2 Nxg4+ 21. hxg4 Bxg4 22. Kg3 Bc8 23. Nb5 Bd7 24. Nd4 Rc8 25. Bf5 Rc4 26. Bxd7 Rxd4 27. Rd1 Rb4 28. b3 d4 29. Rd3 Rd8 30. e6 fxe6 31. Bxe6+ Kf8 32. Rc1 Ke7 33. Rc4 Rb6 34. Bf5 Rbd6 35. Rc7+ Kf6 36. Be4 R8d7 37. Rxb7 1-0

[Event "Marseille op"]
[Site "Marseille"]
[Date "2007.12.28"]
[Round "4"]
[White "Costa, Jean Yves"]
[Black "Gravagna, Pierre"]
[Result "0-1"]
[WhiteElo "2022"]
[BlackElo "2038"]
[PlyCount "57"]
[EventDate "2007.12.27"]
[EventType "swiss"]
[EventRounds "9"]
[EventCountry "FRA"]
[SourceTitle "CBM 122 Extra"]
[Source "ChessBase"]
[SourceDate "2008.03.04"]
[SourceVersion "1"]
[SourceVersionDate "2008.03.04"]
[SourceQuality "1"]

1. e4 c5 2. Nf3 Nc6 3. d4 cxd4 4. Nxd4 Qb6 5. Nb3 Nf6 6. Nc3 e6 7. Be3 Qc7 8. Bc5 Bxc5 9. Nxc5 Nb4 10. Nd3 Nc6 11. Qd2 0-0 12. 0-0-0 a6 13. g4 b5 14. g5 Ng4 15. h4 Nge5 16. Nxe5 Nxe5 17. f4 Nc6 18. Bg2 b4 19. Na4 Qa5 20. b3 e5 21. Kb1 Nd4 22. fxe5 Nb5 23. Qd5 Na3+ 24. Kb2 Qc7 25. Qc5 Qxc5 26. Nxc5 Nb5 27. Nxd7 Re8 28. Nb6 Rb8 29. Nc4 0-1

[Event "Syre Memorial op 30th"]
[Site "Issy les Moulineaux"]
[Date "2007.05.18"]
[Round "3"]
[White "Gravagna, Pierre"]
[Black "Jablonski, Noham"]
[Result "0-1"]
[WhiteElo "2054"]
[BlackElo "2262"]
[PlyCount "66"]
[EventDate "2007.05.17"]
[EventType "swiss"]
[EventRounds "6"]
[EventCountry "FRA"]
[SourceTitle "EXT 2008"]
[Source "ChessBase"]
[SourceDate "2007.11.25"]
[SourceVersion "1"]
[SourceVersionDate "2007.11.25"]
[SourceQuality "1"]

1. d4 f5 2. g3 Nf6 3. Bg2 g6 4. Nh3 Bg7 5. Nf4 Nc6 6. h4 e5 7. dxe5 Nxe5 8. Nc3 c6 9. h5 d5 10. hxg6 hxg6 11. Rxh8+ Bxh8 12. Be3 Qe7 13. Bd4 Kf7 14. e3 Ne4 15. Qe2 Qb4 16. a3 Qe7 17. 0-0-0 Bd7 18. Rh1 Bg7 19. Rh7 Nf6 20. Rh1 a6 21. Nh3 Rh8 22. Ng5+ Kg8 23. Rxh8+ Bxh8 24. Nf3 Nc4 25. Nh4 Be8 26. Bh3 b5 27. Bg2 Bf7 28. Na2 c5 29. Bxf6 Bxf6 30. c3 d4 31. e4 Nd6 32. Kb1 Nxe4 33. Bxe4 Qxe4+ 0-1

[Event "FRA-chT3 Gr01 0607"]
[Site "France"]
[Date "2007.04.01"]
[Round "9.2"]
[White "Stoppa, Omar"]
[Black "Gravagna, Pierre"]
[Result "1-0"]
[WhiteElo "2227"]
[BlackElo "2080"]
[PlyCount "45"]
[EventDate "2006.10.15"]
[EventType "team"]
[EventRounds "9"]
[EventCountry "FRA"]
[SourceTitle "EXT 2008"]
[Source "ChessBase"]
[SourceDate "2007.11.25"]
[SourceVersion "1"]
[SourceVersionDate "2007.11.25"]
[SourceQuality "1"]

1. e4 c5 2. Nf3 Nc6 3. d4 cxd4 4. Nxd4 Qb6 5. Nxc6 dxc6 6. Bc4 e5 7. 0-0 Nf6 8. Nc3 Bg4 9. Qe1 Bb4 10. a3 Bxc3 11. Qxc3 0-0 12. Be3 Qc7 13. f3 Bh5 14. a4 Rfd8 15. a5 Kh8 16. Qa3 Nd7 17. Rfd1 b5 18. axb6 Nxb6 19. Bb3 h6 20. Qa5 f6 21. Rxd8+ Rxd8 22. Qxa7 Rd1+ 23. Kf2 1-0

[Event "FRA-chT3 Gr01 0607"]
[Site "France"]
[Date "2007.03.18"]
[Round "7.3"]
[White "Van Hoolandt, Patrick"]
[Black "Gravagna, Pierre"]
[Result "1-0"]
[WhiteElo "2257"]
[BlackElo "2080"]
[PlyCount "25"]
[EventDate "2006.10.15"]
[EventType "team"]
[EventRounds "9"]
[EventCountry "FRA"]
[SourceTitle "EXT 2008"]
[Source "ChessBase"]
[SourceDate "2007.11.25"]
[SourceVersion "1"]
[SourceVersionDate "2007.11.25"]
[SourceQuality "1"]

1. d4 d5 2. c4 c6 3. cxd5 cxd5 4. Nf3 Nf6 5. Nc3 Nc6 6. Bf4 a6 7. Rc1 g6 8. Ne5 Qb6 9. e3 Be6 10. Be2 Bg7 11. 0-0 0-0 12. Na4 Qa5 13. Rc5 1-0

[Event "FRA-chT3 Gr01 0607"]
[Site "France"]
[Date "2007.02.11"]
[Round "6.2"]
[White "Ruiz, Richard"]
[Black "Gravagna, Pierre"]
[Result "1-0"]
[WhiteElo "2155"]
[BlackElo "2072"]
[PlyCount "80"]
[EventDate "2006.10.15"]
[EventType "team"]
[EventRounds "9"]
[EventCountry "FRA"]
[SourceTitle "EXT 2008"]
[Source "ChessBase"]
[SourceDate "2007.11.25"]
[SourceVersion "1"]
[SourceVersionDate "2007.11.25"]
[SourceQuality "1"]

1. d4 d5 2. Nc3 Nf6 3. Bg5 e6 4. e4 dxe4 5. Nxe4 Be7 6. Bxf6 gxf6 7. Nf3 b6 8. c3 Bb7 9. Bd3 Qd5 10. Qe2 Nd7 11. a4 a5 12. Ng3 f5 13. Bc4 Qd6 14. 0-0-0 c6 15. Rhe1 Qf4+ 16. Kb1 0-0-0 17. Ba6 h5 18. Qc4 Kb8 19. Bxb7 Kxb7 20. h3 Bf6 21. Qb3 h4 22. Nf1 Rhg8 23. Ne3 Qd6 24. Nd2 Ka7 25. Ndc4 Qc7 26. Na3 Be7 27. Nac4 Bg5 28. Nc2 Bf4 29. N2a3 Ka8 30. Ne5 Bxe5 31. dxe5 Nc5 32. Qc4 Rd5 33. Rxd5 cxd5 34. Qxh4 Rxg2 35. Nb5 Qc8 36. Qe7 Qd7 37. Qf8+ Kb7 38. Nd6+ Ka6 39. Qa8+ Qa7 40. Qc8+ Nb7 1-0

[Event "FRA-chT3 Gr01 0607"]
[Site "France"]
[Date "2006.10.15"]
[Round "1.1"]
[White "Thetis, Jimmy"]
[Black "Gravagna, Pierre"]
[Result "1/2-1/2"]
[WhiteElo "2102"]
[BlackElo "2080"]
[PlyCount "80"]
[EventDate "2006.10.15"]
[EventType "team"]
[EventRounds "9"]
[EventCountry "FRA"]
[SourceTitle "EXT 2008"]
[Source "ChessBase"]
[SourceDate "2007.11.25"]
[SourceVersion "1"]
[SourceVersionDate "2007.11.25"]
[SourceQuality "1"]

1. d4 f5 2. e4 fxe4 3. Nc3 Nf6 4. Bg5 d6 5. Bxf6 exf6 6. Nxe4 Qe7 7. Qe2 d5 8. Ng3 Qxe2+ 9. Bxe2 Bd6 10. Bf3 c6 11. N1e2 Be6 12. 0-0 Kf7 13. b4 a6 14. a4 Nd7 15. b5 axb5 16. axb5 Nb6 17. bxc6 bxc6 18. Rfb1 Rxa1 19. Rxa1 Ra8 20. Rxa8 Nxa8 21. c4 dxc4 22. Bxc6 Nb6 23. Nc3 Bb4 24. Nge2 Ke7 25. f3 Kd6 26. Be4 f5 27. Bc2 Bxc3 28. Nxc3 Nd5 29. Ne2 Nb4 30. Bb1 g5 31. Kf2 h6 32. Ke3 Nd5+ 33. Kd2 f4 34. g3 fxg3 35. hxg3 h5 36. Ba2 c3+ 37. Ke1 c2 38. Kd2 h4 39. gxh4 gxh4 40. Bxd5 Bxd5 1/2-1/2

[Event "FRA-chT2 0405"]
[Site "France"]
[Date "2005.03.13"]
[Round "9.8"]
[White "Tholey, Jean Paul"]
[Black "Gravagna, Pierre"]
[Result "1/2-1/2"]
[WhiteElo "2039"]
[BlackElo "2036"]
[PlyCount "81"]
[EventDate "2004.10.10"]
[EventType "team"]
[EventRounds "11"]
[EventCountry "FRA"]
[SourceTitle "EXT 2006"]
[Source "ChessBase"]
[SourceDate "2005.11.24"]
[SourceVersion "1"]
[SourceVersionDate "2005.11.24"]
[SourceQuality "1"]
[WhiteTeam "Bayonne"]
[BlackTeam "Marseille EFE"]
[WhiteTeamCountry "FRA"]
[BlackTeamCountry "FRA"]

1. d4 d5 2. c4 c6 3. Nf3 Bf5 4. Nc3 e6 5. Qb3 Qb6 6. Qxb6 axb6 7. e3 Na6 8. Kd1 Nf6 9. h3 h6 10. Bd2 Bd6 11. a3 Nb4 12. Ne1 Kd7 13. Rc1 Na6 14. Be2 Nc7 15. cxd5 exd5 16. Bd3 Bxd3 17. Nxd3 Rhe8 18. Re1 c5 19. Ne2 c4 20. Nb4 Ne4 21. Rf1 Nxd2 22. Kxd2 Bxb4+ 23. axb4 Ra4 24. Kc2 Rxb4 25. Ra1 Ra8 26. Nc3 Ra6 27. Rfe1 Kc6 28. Rxa6 bxa6 29. e4 dxe4 30. Rxe4 Kd6 31. f4 f5 32. Re5 g6 33. g3 Nb5 34. Nxb5+ axb5 35. Re8 Rb3 36. g4 Rxh3 37. gxf5 gxf5 38. Re5 Rd3 39. Rxb5 Rxd4 40. Rxf5 Ke6 41. Rh5 1/2-1/2

[Event "FRA-chT2 0405"]
[Site "France"]
[Date "2005.02.06"]
[Round "7.7"]
[White "Benassayag, Lucas"]
[Black "Gravagna, Pierre"]
[Result "1/2-1/2"]
[WhiteElo "1997"]
[BlackElo "2036"]
[PlyCount "132"]
[EventDate "2004.10.10"]
[EventType "team"]
[EventRounds "11"]
[EventCountry "FRA"]
[SourceTitle "EXT 2006"]
[Source "ChessBase"]
[SourceDate "2005.11.24"]
[SourceVersion "1"]
[SourceVersionDate "2005.11.24"]
[SourceQuality "1"]
[WhiteTeam "Cannes II"]
[BlackTeam "Marseille EFE"]
[WhiteTeamCountry "FRA"]
[BlackTeamCountry "FRA"]

1. e4 c5 2. Nf3 Nc6 3. d4 cxd4 4. Nxd4 Qb6 5. Nb3 Nf6 6. Nc3 e6 7. Be3 Qc7 8. f3 Bb4 9. Qd2 d5 10. Bg5 dxe4 11. Bxf6 gxf6 12. fxe4 Qe5 13. Bd3 Bd7 14. 0-0-0 Qg5 15. Kb1 Qxd2 16. Nxd2 0-0-0 17. Rhf1 Be7 18. Nc4 Rhg8 19. g3 Nd4 20. Ne2 Nxe2 21. Bxe2 Bc6 22. Bh5 Be8 23. Rxd8+ Kxd8 24. Ne3 Rg5 25. Be2 Bc6 26. Rf4 Bc5 27. Ng4 Bd6 28. Rxf6 Ke7 29. Rf1 Bxe4 30. Nf2 Bc6 31. Bd3 Rh5 32. Ne4 Be5 33. Rf2 f5 34. Nd2 Bd4 35. Re2 Kf6 36. c3 Bb6 37. Nc4 Bc7 38. Kc2 e5 39. Ne3 e4 40. Bc4 Ke5 41. Rf2 Bb6 42. Kd2 Rg5 43. Rf4 Rh5 44. Rf2 Bd7 45. Be2 Rh6 46. Nc4+ Kd5 47. Nxb6+ Rxb6 48. b3 Ke5 49. Ke3 Re6 50. Kd2 Rd6+ 51. Ke3 a5 52. Rf1 Be6 53. Rd1 Rc6 54. Rc1 Rc5 55. c4 b5 56. Rc2 bxc4 57. Bxc4 Bxc4 58. bxc4 h5 59. Rc3 h4 60. Ra3 hxg3 61. hxg3 Rxc4 62. Rxa5+ Ke6 63. Kf4 Rc3 64. Re5+ Kd6 65. Rxf5 Rf3+ 66. Kxe4 Rxg3 1/2-1/2

[Event "FRA-chT2 0405"]
[Site "France"]
[Date "2004.10.10"]
[Round "1.5"]
[White "Gruet, Gabriel"]
[Black "Gravagna, Pierre"]
[Result "1-0"]
[WhiteElo "2088"]
[BlackElo "2036"]
[PlyCount "71"]
[EventDate "2004.10.10"]
[EventType "team"]
[EventRounds "11"]
[EventCountry "FRA"]
[SourceTitle "EXT 2006"]
[Source "ChessBase"]
[SourceDate "2005.11.24"]
[SourceVersion "1"]
[SourceVersionDate "2005.11.24"]
[SourceQuality "1"]
[WhiteTeam "Hyeres"]
[BlackTeam "Marseille EFE"]
[WhiteTeamCountry "FRA"]
[BlackTeamCountry "FRA"]

1. e4 c5 2. c3 Nf6 3. e5 Nd5 4. g3 d6 5. exd6 e6 6. Bg2 Bxd6 7. Na3 Nc6 8. Nf3 0-0 9. 0-0 b6 10. Nc4 Bb7 11. d3 Be7 12. a4 Qc7 13. Re1 Rad8 14. Qe2 Rc8 15. Bg5 Bf6 16. Bd2 Ba6 17. Ng5 h6 18. Ne4 Nce7 19. a5 b5 20. Nxf6+ Nxf6 21. Bf4 Qd7 22. Ne5 Qe8 23. Bh3 Bb7 24. Nxf7 Qc6 25. Nxh6+ gxh6 26. Qxe6+ Qxe6 27. Bxe6+ Kg7 28. Bxc8 Nxc8 29. a6 Ba8 30. Bb8 Kf7 31. Ra5 Bc6 32. c4 bxc4 33. Rxc5 Be8 34. Rc7+ Kg6 35. dxc4 Ba4 36. Bxa7 1-0

[Event "Milan Crespi op 21st"]
[Site "Milan"]
[Date "2000.12.04"]
[Round "2"]
[White "Bevilacqua, Maurizio"]
[Black "Gravagna, Pierre"]
[Result "0-1"]
[WhiteElo "2110"]
[BlackElo "2028"]
[PlyCount "44"]
[EventDate "2000.12.04"]
[EventType "swiss"]
[EventRounds "5"]
[EventCountry "ITA"]
[SourceTitle "CBM 079 Extra"]
[Source "ChessBase"]
[SourceDate "2001.01.11"]
[SourceVersion "2"]
[SourceVersionDate "2001.01.25"]
[SourceQuality "1"]

1. d4 Nf6 2. c4 g6 3. Nc3 d5 4. Nf3 Bg7 5. Bf4 0-0 6. Qb3 dxc4 7. Qxc4 c6 8. e3 Be6 9. Qa4 b5 10. Qc2 Qa5 11. Nd2 Na6 12. Be2 Nb4 13. Qb1 Nbd5 14. Nxd5 Nxd5 15. Bg5 h6 16. Bh4 f5 17. Kd1 g5 18. Nb3 Qa4 19. Kc1 c5 20. Nxc5 Rac8 21. Bg3 f4 22. Qd3 Rxc5+ 0-1

[Event "Cannes op"]
[Site "Cannes"]
[Date "2000.02.25"]
[Round "6"]
[White "Gravagna, Pierre"]
[Black "Rosenfeld, Imre"]
[Result "0-1"]
[WhiteElo "2082"]
[BlackElo "2017"]
[PlyCount "132"]
[EventDate "2000.02.20"]
[EventType "swiss"]
[EventRounds "9"]
[EventCountry "FRA"]
[SourceTitle "EXT 2001"]
[Source "ChessBase"]
[SourceDate "2000.11.22"]
[SourceVersion "1"]
[SourceVersionDate "2000.11.22"]
[SourceQuality "1"]

1. d4 d5 2. c4 dxc4 3. Qa4+ Nc6 4. e3 Bd7 5. Qxc4 Nf6 6. Nf3 e6 7. Nc3 a6 8. Qd3 Be7 9. a3 0-0 10. Be2 Na5 11. b4 Nb3 12. Rb1 Nxc1 13. Rxc1 Nd5 14. 0-0 f6 15. Qc2 Nxc3 16. Qxc3 Bd6 17. g3 Bc6 18. Nd2 Kh8 19. e4 f5 20. e5 Be7 21. f4 g5 22. Bf3 Bxf3 23. Nxf3 g4 24. Nd2 c6 25. Qc4 Qd7 26. Nb3 Rad8 27. Rfd1 Kg7 28. Kf2 Kf7 29. Ke3 Qd5 30. Qxd5 Rxd5 31. Na5 Rb8 32. Rc2 Bd8 33. Nc4 Bc7 34. h3 gxh3 35. Rh2 Rg8 36. Rxh3 Rg7 37. Nd2 a5 38. Nf3 Bd8 39. Kd3 Kg6 40. Rg1 axb4 41. axb4 Bb6 42. Ra1 Rgd7 43. Ra8 Kg7 44. Re8 Bxd4 45. Rxe6 Bxe5+ 46. Kc2 Bf6 47. Rh2 Re7 48. Rhe2 Rxe6 49. Rxe6 Kf7 50. Re2 h6 51. Re1 Be7 52. Kc3 Bf6+ 53. Kc2 Rb5 54. Rb1 Be7 55. Kc3 c5 56. Re1 cxb4+ 57. Kc4 Rc5+ 58. Kxb4 Re5+ 59. Kc4 b5+ 60. Kd4 Rxe1 61. Nxe1 Kg6 62. Ke5 b4 63. Nf3 b3 64. Nd2 b2 65. Ke6 Bb4 66. Nb1 h5 0-1

[Event "Cannes op"]
[Site "Cannes"]
[Date "2000.02.23"]
[Round "4"]
[White "Gravagna, Pierre"]
[Black "Spielmann, Alain"]
[Result "0-1"]
[WhiteElo "2082"]
[BlackElo "2248"]
[PlyCount "48"]
[EventDate "2000.02.20"]
[EventType "swiss"]
[EventRounds "9"]
[EventCountry "FRA"]
[SourceTitle "EXT 2001"]
[Source "ChessBase"]
[SourceDate "2000.11.22"]
[SourceVersion "1"]
[SourceVersionDate "2000.11.22"]
[SourceQuality "1"]

1. d4 d5 2. c4 dxc4 3. Qa4+ c6 4. Qxc4 Nf6 5. Nf3 Bf5 6. g3 e6 7. Bg2 Be7 8. Nc3 0-0 9. 0-0 Nbd7 10. Rd1 Bc2 11. a4 Nb6 12. Qa2 Bxd1 13. Nxd1 a5 14. Qb3 Nbd5 15. e4 Nb4 16. Be3 Rc8 17. Rc1 h6 18. Ne5 Bd6 19. f4 Qe7 20. Bh3 c5 21. f5 cxd4 22. Rxc8 Rxc8 23. Bxd4 Bxe5 24. Bxe5 Qc5+ 0-1

[Event "Cannes op"]
[Site "Cannes"]
[Date "2000.02.20"]
[Round "1"]
[White "Gravagna, Pierre"]
[Black "Philippe, Christophe"]
[Result "0-1"]
[WhiteElo "2082"]
[BlackElo "2293"]
[PlyCount "58"]
[EventDate "2000.02.20"]
[EventType "swiss"]
[EventRounds "9"]
[EventCountry "FRA"]
[SourceTitle "EXT 2001"]
[Source "ChessBase"]
[SourceDate "2000.11.22"]
[SourceVersion "1"]
[SourceVersionDate "2000.11.22"]
[SourceQuality "1"]

1. d4 f5 2. g3 Nf6 3. Bg2 g6 4. Nh3 Bg7 5. Nf4 Nc6 6. h4 e5 7. dxe5 Nxe5 8. h5 c6 9. h6 Bf8 10. Nd3 Nf7 11. Bf4 d5 12. Qd2 Be6 13. c3 Ne4 14. Bxe4 fxe4 15. Ne5 Bc5 16. Nxf7 Bxf7 17. Be5 0-0 18. Bd4 Qe7 19. Bxc5 Qxc5 20. Qd4 Qxd4 21. cxd4 c5 22. e3 cxd4 23. exd4 Be6 24. Nc3 Rf3 25. Ne2 Raf8 26. Rh2 e3 27. Nf4 exf2+ 28. Ke2 Bg4 29. Rh4 R3xf4+ 0-1

[Event "Provence-ch Principal 9900"]
[Site "France"]
[Date "2000.??.??"]
[Round "7"]
[White "Gravagna, Pierre"]
[Black "Ferrero, Patrick"]
[Result "1-0"]
[WhiteElo "2065"]
[BlackElo "1940"]
[PlyCount "101"]
[EventDate "1999.??.??"]
[EventType "tourn"]
[EventRounds "9"]
[EventCountry "FRA"]
[SourceTitle "EXT 2005"]
[Source "ChessBase"]
[SourceDate "2004.11.15"]
[SourceVersion "1"]
[SourceVersionDate "2004.11.15"]
[SourceQuality "1"]

1. d4 c5 2. d5 e5 3. e4 d6 4. Bb5+ Nd7 5. a4 a6 6. Bd3 Be7 7. Ne2 Bg5 8. Nd2 Ndf6 9. Nc4 Bxc1 10. Qxc1 Ne7 11. a5 Bg4 12. f3 Bh5 13. Ra3 Nc8 14. h4 Bg6 15. g4 h5 16. g5 Nd7 17. f4 b5 18. axb6 Ndxb6 19. f5 Bh7 20. Qe3 Nxc4 21. Bxc4 Qb6 22. Qb3 a5 23. Qxb6 Nxb6 24. Bb5+ Ke7 25. Ng3 Rhb8 26. c4 Nxc4 27. Bxc4 Rxb2 28. 0-0 Rb4 29. Rc1 a4 30. Nf1 Kd7 31. Ne3 Kc7 32. Kf2 Rab8 33. Rca1 Ra8 34. Bd3 Kb6 35. Nc4+ Kc7 36. R1a2 Ra7 37. Ke3 Ra8 38. Kd2 Ra7 39. Kc2 Ra8 40. Nb2 Bxf5 41. exf5 Rxh4 42. Rxa4 Rh2+ 43. Kc3 Rb8 44. Nc4 Rh3 45. Ra7+ Rb7 46. Rxb7+ Kxb7 47. Nxd6+ Kc7 48. Ne4 Re3 49. Ra7+ Kd8 50. Rxf7 h4 51. Rxg7 1-0

[Event "Provence-ch Principal 9900"]
[Site "France"]
[Date "2000.??.??"]
[Round "5"]
[White "Gravagna, Pierre"]
[Black "Soalleiro, Jean"]
[Result "1/2-1/2"]
[WhiteElo "2065"]
[BlackElo "2120"]
[PlyCount "73"]
[EventDate "1999.??.??"]
[EventType "tourn"]
[EventRounds "9"]
[EventCountry "FRA"]
[SourceTitle "EXT 2005"]
[Source "ChessBase"]
[SourceDate "2004.11.15"]
[SourceVersion "1"]
[SourceVersionDate "2004.11.15"]
[SourceQuality "1"]

1. d4 Nf6 2. Nf3 e6 3. c4 b6 4. a3 Bb7 5. Nc3 d6 6. d5 Be7 7. e4 c5 8. Be2 0-0 9. 0-0 b5 10. cxb5 exd5 11. exd5 Nbd7 12. Bc4 Nb6 13. b3 a6 14. bxa6 Bxa6 15. Bxa6 Rxa6 16. Qd3 Qa8 17. Rd1 c4 18. bxc4 Rc8 19. Nd2 Nfd7 20. f4 Bf6 21. Bb2 Qb8 22. Rab1 Qc7 23. Nce4 Bxb2 24. Rxb2 Nxc4 25. Nxc4 Qxc4 26. Rb7 Nf8 27. Ng5 Qc5+ 28. Kh1 Rxa3 29. Qf5 Rc7 30. Rb8 g6 31. Ne6 Rc8 32. Nxc5 Rxb8 33. Qc2 dxc5 34. Qxc5 Ra6 35. h3 Rd8 36. Re1 Rdd6 37. Re8 1/2-1/2

[Event "Paris-ch op"]
[Site "Paris"]
[Date "1999.07.22"]
[Round "6"]
[White "Appleberry, Martin"]
[Black "Gravagna, Pierre"]
[Result "1-0"]
[WhiteElo "2278"]
[BlackElo "2065"]
[PlyCount "37"]
[EventDate "1999.07.17"]
[EventType "swiss"]
[EventRounds "9"]
[EventCountry "FRA"]
[SourceTitle "EXT 2000"]
[Source "ChessBase"]
[SourceDate "1999.11.16"]
[SourceVersion "1"]
[SourceVersionDate "1999.11.16"]
[SourceQuality "1"]

1. c4 e5 2. g3 f5 3. Nc3 Nf6 4. d4 exd4 5. Qxd4 Nc6 6. Qe3+ Be7 7. Bg2 0-0 8. Nh3 b6 9. 0-0 Bb7 10. b3 Bc5 11. Qd2 d6 12. Bb2 Bd4 13. Nf4 Bxc3 14. Qxc3 Qd7 15. Rad1 Ne4 16. Bxe4 fxe4 17. c5 Ne5 18. Qxe5 dxe5 19. Rxd7 1-0

[Event "Provence-ch Majeur op 9495"]
[Site "France"]
[Date "1994.??.??"]
[Round "2"]
[White "Girard, Jean Pierre"]
[Black "Gravagna, Pierre"]
[Result "0-1"]
[WhiteElo "1860"]
[BlackElo "1920"]
[PlyCount "82"]
[EventDate "1994.??.??"]
[EventType "swiss"]
[EventRounds "9"]
[EventCountry "FRA"]
[SourceTitle "EXT 2005"]
[Source "ChessBase"]
[SourceDate "2004.11.15"]
[SourceVersion "1"]
[SourceVersionDate "2004.11.15"]
[SourceQuality "1"]

1. e4 c5 2. Nf3 d6 3. d4 cxd4 4. Nxd4 Nf6 5. Nc3 a6 6. Bg5 e6 7. f4 Qb6 8. Qd2 Nc6 9. Nb3 Be7 10. Bd3 h6 11. Bxf6 Bxf6 12. 0-0-0 Bd7 13. Kb1 0-0-0 14. Rhe1 g5 15. Ne2 a5 16. Nc3 gxf4 17. Nb5 Be5 18. a4 Nb4 19. Bf1 Bc6 20. Qe2 f6 21. Qg4 Kb8 22. Qxe6 Bd7 23. Qf7 Rhe8 24. Bc4 Rg8 25. Rd2 Rgf8 26. Qh7 f5 27. Qxh6 fxe4 28. Rxe4 Qg1+ 29. Nc1 Bf5 30. Ree2 f3 31. Rxe5 dxe5 32. Qg7 Qc5 33. Rxd8+ Rxd8 34. gxf3 Bxc2+ 35. Ka1 Bxa4 36. Nc3 Bc6 37. Nb3 Qxc4 38. Qxe5+ Ka8 39. Qxa5+ Qa6 40. Kb1 Qxa5 41. Nxa5 Bxf3 0-1

[Event "Provence-ch Majeur op 9495"]
[Site "France"]
[Date "1994.??.??"]
[Round "9"]
[White "Midoux, Sebastien"]
[Black "Gravagna, Pierre"]
[Result "1-0"]
[WhiteElo "1980"]
[BlackElo "1920"]
[PlyCount "95"]
[EventDate "1994.??.??"]
[EventType "swiss"]
[EventRounds "9"]
[EventCountry "FRA"]
[SourceTitle "EXT 2005"]
[Source "ChessBase"]
[SourceDate "2004.11.15"]
[SourceVersion "1"]
[SourceVersionDate "2004.11.15"]
[SourceQuality "1"]

1. e4 c5 2. d4 cxd4 3. c3 dxc3 4. Nxc3 Nc6 5. Nf3 d6 6. Bc4 e6 7. 0-0 Nf6 8. Qe2 Be7 9. Rd1 e5 10. h3 0-0 11. b3 Be6 12. Nd5 Bxd5 13. Bxd5 Nxd5 14. Rxd5 Qc8 15. Ba3 Qe6 16. Rad1 Rad8 17. b4 Bf6 18. b5 Nd4 19. Nxd4 exd4 20. Qd3 Rfe8 21. f3 Rc8 22. Rxd6 Qxa2 23. Bc1 Rc2 24. Qf1 Bh4 25. Kh1 Rf2 26. Qg1 Bf6 27. Bf4 Rc8 28. e5 Bh4 29. R6xd4 g5 30. Rd8+ Rxd8 31. Rxd8+ Kg7 32. Be3 Rb2 33. Rd1 Bf2 34. Bxf2 Rxf2 35. Rf1 Rd2 36. f4 Qd5 37. f5 Qxe5 38. f6+ Kg6 39. Qxa7 Qd5 40. Rg1 Qxb5 41. Qb8 Kxf6 42. Qh8+ Ke7 43. Re1+ Re2 44. Rd1 Qb6 45. Qc3 Qc6 46. Qb4+ Ke8 47. Qg4 h6 48. Qxe2+ 1-0